000 00983cam a2200277 i 4500
001 bg
003 BPK
005 20200508101927.0
008 010208s2000 pl a f f |000 0 pol
015 _aPB 2001/2320
020 _a837242120X
040 _aWA N
_cBPK
041 0 _apol
080 _a620.17
080 _a(075.8)
100 1 _aPiechnik, Stefan
_d(1930- )
_eAutor
245 1 0 _aWytrzymałość materiałów :
_bpodręcznik dla studentów wyższych szkół technicznych /
_cStefan Piechnik ; Politechnika Krakowska im. Tadeusza Kościuszki.
250 _aWyd. 2 popr.
260 _aKraków :
_bPK,
_c2000.
300 _a345 s. :
_bil. ;
_c24 cm.
655 4 _aPodręczniki akademickie
650 4 _aWytrzymałość materiałów
710 2 _aPolitechnika Krakowska im. Tadeusza Kościuszki
_4pbl.
856 _uhttp://koha.tu.koszalin.pl/cgi-bin/koha/opac-detail.pl?biblionumber=39628
_yKatalog online BPK
942 _2UKD
_cKS
999 _c39628
_d39628